| 000 | 00853nam a22002417a 4500 | ||
|---|---|---|---|
| 999 |
_c19841 _d19841 |
||
| 008 | 240325b ||||| |||| 00| 0 eng d | ||
| 020 | _a015335142X | ||
| 082 |
_aDC 810.8 _bAd9 1985 |
||
| 100 |
_aEarly, James. _955339 |
||
| 245 |
_aAdventures in American literature / _cJames Early and six others. |
||
| 250 | _aClassic edition. | ||
| 260 |
_aNew York : _bHarcourt Brace Jovanovich Pub., _c©1985. |
||
| 300 |
_axvii, 884 pages : _billustrations ; _c24 cm. |
||
| 500 | _aIncludes glossary and index. | ||
| 650 |
_aAmerican literature. _955512 |
||
| 700 |
_aFreier, Robert. _eauthor. _955340 |
||
| 700 |
_aEllison, Emily. _eauthor. _955341 |
||
| 700 |
_aGurney, A.R Jr. _eauthor. _955342 |
||
| 700 |
_aSisk, Jean. _eauthor. _955343 |
||
| 700 |
_aEisenhauer, Louis. _eauthor. _955344 |
||
| 700 |
_aFolds, Thomas M. _eauthor. _955345 |
||
| 942 |
_2ddc _cDC |
||